[Event "Landsturneringen 2017"]
[Site "Clarion Energy Hotel, Stavanger"]
[Date "2017.07.07"]
[Round "8"]
[White "Rødsmoen, Maud"]
[Black "Olsen, Ulrik"]
[Result "1-0"]
[WhiteElo "1968"]
[BlackElo "1913"]
[PlyCount "97"]
[EventDate "2017.??.??"]

1. e4 e5 2. Nf3 Nc6 3. Bb5 a6 4. Ba4 Nf6 5. O-O Be7 6. Re1 b5 7. Bb3 d6 8. c3
O-O 9. h3 Na5 10. Bc2 c5 11. d4 Qc7 12. Nbd2 cxd4 13. cxd4 Nc6 14. Nf1 a5 15.
Be3 b4 16. Rc1 Qb7 17. Ng3 Bd7 18. Ba4 Rac8 19. d5 Nb8 20. Bxd7 Qxd7 21. Qd3
Rxc1 22. Rxc1 g6 23. Nd2 Rc8 24. Rc4 Bd8 25. Rxc8 Qxc8 26. Qb5 Nfd7 27. Nc4 Qc7
28. Ne2 f6 29. Nc1 Nc5 30. Bxc5 dxc5 31. d6 Qc8 32. Qe8+ Kg7 33. Nb6 Qc6 34.
Qxd8 Qxe4 35. Qc7+ Kh6 36. Qxc5 Qe1+ 37. Kh2 Qd1 38. Nb3 g5 39. Qd5 Qc2 40. Qb7
Qxf2 41. Qxb8 g4 42. Qf8+ Kh5 43. hxg4+ Kg6 44. Qe8+ Kg7 45. Qd7+ Kg8 46. Qf5
Qh4+ 47. Kg1 Qe1+ 48. Qf1 Qh4 49. Nd5
1-0

[Event "Landsturneringen 2017"]
[Site "Clarion Energy Hotel, Stavanger"]
[Date "2017.07.07"]
[Round "8"]
[White "Fossan, Benjamin"]
[Black "Kyrkjebø, Hanna B"]
[Result "0-1"]
[WhiteElo "1855"]
[BlackElo "1923"]
[PlyCount "112"]
[EventDate "2017.??.??"]

1. e4 e5 2. Nf3 Nc6 3. Bc4 Bc5 4. Nc3 Nf6 5. d3 d6 6. Bg5 h6 7. Bxf6 Qxf6 8.
Nd5 Qd8 9. c3 a6 10. d4 exd4 11. cxd4 Ba7 12. h3 O-O 13. O-O b5 14. Bb3 Na5 15.
Bc2 c6 16. Ne3 c5 17. b3 Re8 18. Rc1 Nc6 19. d5 Ne5 20. Nd2 Ng6 21. Kh2 Bd7 22.
Bb1 Rc8 23. g3 Nf8 24. Ng2 Rc7 25. f4 Qc8 26. Qh5 c4 27. Nf3 c3 28. Bc2 b4 29.
g4 Bb5 30. Rh1 Be2 31. Nfh4 Qd8 32. Rce1 Bb5 33. Ne3 Bxe3 34. Rxe3 Qf6 35. Ng2
Qd8 36. h4 g6 37. Qxh6 f6 38. f5 g5 39. hxg5 Rh7 40. Rh3 Rxh6 41. Rxh6 fxg5 42.
Kg3 Qe7 43. Rh8+ Kg7 44. Kf3 Qe5 45. R1h5 Bf1 46. R8h6 Bxg2+ 47. Kxg2 Qf4 48.
f6+ Kf7 49. e5 Rxe5 50. Rh7+ Nxh7 51. Rxh7+ Kxf6 52. Rh6+ Ke7 53. Rh7+ Kd8 54.
Rh8+ Kc7 55. Rh7+ Kb6 56. Bd3 Qd2+
0-1

[Event "Landsturneringen 2017"]
[Site "Clarion Energy Hotel, Stavanger"]
[Date "2017.07.07"]
[Round "8"]
[White "Grønn, Eskil Ekeland"]
[Black "Mikelsen, Mattis"]
[Result "0-1"]
[WhiteElo "1914"]
[BlackElo "1764"]
[PlyCount "72"]
[EventDate "2017.??.??"]

1. d4 d5 2. Nc3 Nf6 3. Bg5 Bf5 4. Nf3 Ne4 5. Bh4 c6 6. Nxe4 Bxe4 7. e3 Qa5+ 8.
c3 Nd7 9. Bd3 Bg6 10. O-O e6 11. a4 Bd6 12. b4 Qc7 13. h3 e5 14. dxe5 Nxe5 15.
Nxe5 Bxe5 16. Qd2 f6 17. Qc2 Bxd3 18. Qxd3 O-O 19. f4 Bd6 20. g4 Rae8 21. Rf3
Re4 22. Kg2 a5 23. b5 Rfe8 24. Bf2 Qc8 25. Qd2 Rc4 26. bxc6 bxc6 27. f5 Ree4
28. Bg3 Bxg3 29. Rxg3 Rxa4 30. Rf1 h6 31. h4 Rxg4 32. Rxg4 Rxg4+ 33. Kh3 h5 34.
c4 Qc7 35. Rf4 Rxf4 36. exf4 Qd7
0-1

[Event "Landsturneringen 2017"]
[Site "Clarion Energy Hotel, Stavanger"]
[Date "2017.07.07"]
[Round "8"]
[White "Wadstensvik, Petter Andreas"]
[Black "Pettersen, Johan"]
[Result "1-0"]
[WhiteElo "1809"]
[BlackElo "1896"]
[PlyCount "55"]
[EventDate "2017.??.??"]

1. d4 Nf6 2. Nf3 d5 3. Bf4 c5 4. e3 Nc6 5. Nbd2 Bf5 6. Bb5 Qb6 7. c4 a6 8.
Bxc6+ bxc6 9. Qb3 Qxb3 10. axb3 cxd4 11. exd4 Nh5 12. Be3 Nf6 13. Ne5 Bd7 14.
f3 e6 15. c5 Be7 16. Kf2 O-O 17. Ra3 Ra7 18. Bg5 Rfa8 19. Rha1 Be8 20. Nb1 h6
21. Bd2 Nh7 22. Ba5 f6 23. Nd3 e5 24. Bb6 exd4 25. Bxa7 Rxa7 26. Rxa6 Rxa6 27.
Rxa6 Bg6 28. Ke2
1-0

[Event "Landsturneringen 2017"]
[Site "Clarion Energy Hotel, Stavanger"]
[Date "2017.07.07"]
[Round "8"]
[White "Keadana, Amir"]
[Black "Greibrokk, Ingrid"]
[Result "1-0"]
[WhiteElo "1829"]
[BlackElo "1868"]
[PlyCount "57"]
[EventDate "2017.??.??"]

1. e4 e5 2. Nf3 Nc6 3. Bb5 Nge7 4. Nc3 g6 5. d4 exd4 6. Nd5 Bg7 7. Bg5 h6 8.
Bf6 Bxf6 9. Nxf6+ Kf8 10. Nxd4 Kg7 11. Qd2 a6 12. Bxc6 Nxc6 13. Nd5 Re8 14. f3
d6 15. Nxc6 bxc6 16. Qc3+ Re5 17. Nxc7 Qxc7 18. f4 Qa5 19. fxe5 Qxc3+ 20. bxc3
dxe5 21. Rb1 Be6 22. Rb6 Bxa2 23. Rxc6 a5 24. Kd2 Be6 25. Rc5 a4 26. Ra1 a3 27.
c4 Ra4 28. Kc3 Kf6 29. Kb3
1-0

[Event "Landsturneringen 2017"]
[Site "Clarion Energy Hotel, Stavanger"]
[Date "2017.07.07"]
[Round "8"]
[White "Reigstad, Erlend"]
[Black "Næss, Sara"]
[Result "0-1"]
[WhiteElo "1660"]
[BlackElo "1786"]
[PlyCount "58"]
[EventDate "2017.??.??"]

1. e4 c6 2. d4 d5 3. Nc3 dxe4 4. Nxe4 Bf5 5. Ng3 Bg6 6. h4 h6 7. h5 Bh7 8. Bd3
Bxd3 9. Qxd3 e6 10. Nf3 Nd7 11. O-O Ngf6 12. c4 Bd6 13. Ne4 Nxe4 14. Qxe4 Nf6
15. Qh4 Qa5 16. c5 Bc7 17. Bd2 Qb5 18. g4 O-O-O 19. Bc3 Qe2 20. Kg2 Qe4 21.
Rfe1 Qxg4+ 22. Qxg4 Nxg4 23. Re4 Nf6 24. Rh4 Rd5 25. Ne5 Bxe5 26. dxe5 Nd7 27.
Rg4 Rg8 28. Ra4 a6 29. Bd4 Nxc5
0-1

[Event "Landsturneringen 2017"]
[Site "Clarion Energy Hotel, Stavanger"]
[Date "2017.07.08"]
[Round "9"]
[White "Ranaldi, Lucas"]
[Black "Kizatbay, Abyl"]
[Result "1-0"]
[WhiteElo "2269"]
[BlackElo "2127"]
[PlyCount "0"]

1. d4 {[%clk 1:28:57]} Nf6 {[%clk 1:29:47]} 2. c4 {[%clk 1:29:22]} g6
{[%clk 1:29:21]} 3. Nc3 {[%clk 1:29:46]} d5 {[%clk 1:29:15]} 4. Bg5
{[%clk 1:30:09]} Ne4 {[%clk 1:27:20]} 5. Qc1 {[%clk 1:30:32]} Nxc3
{[%clk 1:06:51]} 6. bxc3 {[%clk 1:30:34]} Bg7 {[%clk 1:03:57]} 7. Bh6
{[%clk 1:29:20]} O-O {[%clk 0:59:31]} 8. h4 {[%clk 1:25:28]} dxc4
{[%clk 0:38:59]} 9. h5 {[%clk 1:20:32]} Qd6 {[%clk 0:36:43]} 10. Bxg7
{[%clk 1:12:27]} Kxg7 {[%clk 0:35:42]} 11. Nf3 {[%clk 1:10:25]} Nc6
{[%clk 0:22:29]} 12. e4 {[%clk 0:58:24]} Bg4 {[%clk 0:14:03]} 13. hxg6
{[%clk 0:43:40]} Qxg6 {[%clk 0:13:42]} 14. Qe3 {[%clk 0:39:09]} e6
{[%clk 0:11:24]} 15. Nh4 {[%clk 0:31:23]} Qf6 {[%clk 0:10:17]} 16. e5
{[%clk 0:31:08]} Qd8 {[%clk 0:09:07]} 17. Be2 {[%clk 0:28:43]} f5
{[%clk 0:06:26]} 18. exf6+ {[%clk 0:27:41]} Qxf6 {[%clk 0:06:28]} 19. Bxg4
{[%clk 0:27:41]} e5 {[%clk 0:05:48]} 20. d5 {[%clk 0:24:01]} Ne7 {[%clk 0:05:06]}
21. Rd1 {[%clk 0:21:52]} Rad8 {[%clk 0:04:19]} 22. Bf3 {[%clk 0:19:21]} b5
{[%clk 0:03:26]} 23. Be4 {[%clk 0:18:46]} a5 {[%clk 0:03:39]} 24. Qg3+
{[%clk 0:14:21]} Ng6 {[%clk 0:03:29]} 25. a3 {[%clk 0:11:12]} Qf4
{[%clk 0:00:32]} 26. Qxf4 {[%clk 0:06:28]}
1-0

[Event "Landsturneringen 2017"]
[Site "Clarion Energy Hotel, Stavanger"]
[Date "2017.07.08"]
[Round "9"]
[White "Fossan, Andreas"]
[Black "Merkesvik, Sondre"]
[Result "1/2-1/2"]
[WhiteElo "1998"]
[BlackElo "2211"]
[PlyCount "0"]

1. d4 {[%clk 1:30:33]} Nf6 {[%clk 1:30:52]} 2. Nf3 {[%clk 1:30:28]} g6
{[%clk 1:31:16]} 3. Nbd2 {[%clk 1:30:31]} c5 {[%clk 1:24:02]} 4. dxc5
{[%clk 1:24:15]} Qa5 {[%clk 1:21:21]} 5. g3 {[%clk 1:10:15]} Qxc5
{[%clk 1:05:45]} 6. Bg2 {[%clk 1:08:58]} Bg7 {[%clk 1:05:40]} 7. O-O
{[%clk 1:08:57]} O-O {[%clk 1:04:35]} 8. e4 {[%clk 1:02:54]} d6 {[%clk 1:04:08]}
9. c3 {[%clk 1:00:45]} Nc6 {[%clk 1:02:01]} 10. Re1 {[%clk 0:58:27]} Qh5
{[%clk 0:49:53]} 11. Qb3 {[%clk 0:36:23]} Rb8 {[%clk 0:50:07]} 12. Nf1
{[%clk 0:30:21]} Bh3 {[%clk 0:41:28]} 13. Bxh3 {[%clk 0:24:26]} Qxh3
{[%clk 0:41:50]} 14. e5 {[%clk 0:23:19]} dxe5 {[%clk 0:39:38]} 15. Nxe5
{[%clk 0:22:28]} Nxe5 {[%clk 0:38:53]} 16. Rxe5 {[%clk 0:22:40]} e6
{[%clk 0:39:22]} 17. Rb5 {[%clk 0:17:03]} b6 {[%clk 0:39:08]} 18. Bf4
{[%clk 0:16:15]} Rbd8 {[%clk 0:38:08]} 19. Be5 {[%clk 0:14:38]} Qg4
{[%clk 0:37:26]} 20. Bxf6 {[%clk 0:10:46]} Bxf6 {[%clk 0:36:34]} 21. a4
{[%clk 0:10:52]} h5 {[%clk 0:29:55]} 22. a5 {[%clk 0:08:27]} h4 {[%clk 0:29:32]}
23. Rb4 {[%clk 0:07:47]} Qe2 {[%clk 0:29:07]} 24. Qc4 {[%clk 0:06:54]} Qxc4
{[%clk 0:23:38]} 25. Rxc4 {[%clk 0:07:22]} hxg3 {[%clk 0:24:02]} 26. hxg3
{[%clk 0:07:05]} bxa5 {[%clk 0:24:29]} 27. Rxa5 {[%clk 0:06:50]} Rb8
{[%clk 0:24:55]} 28. b4 {[%clk 0:05:08]} Rfc8 {[%clk 0:25:06]} 29. Rac5
{[%clk 0:04:23]} Rxc5 {[%clk 0:18:30]} 30. Rxc5 {[%clk 0:04:38]} Kf8
{[%clk 0:18:56]} 31. Nd2 {[%clk 0:04:06]} Rb7 {[%clk 0:18:45]} 32. Ne4
{[%clk 0:03:23]} Bd8 {[%clk 0:19:13]} 33. Nd6 {[%clk 0:02:19]} Rc7
{[%clk 0:12:33]} 34. Rxc7 {[%clk 0:02:04]} Bxc7 {[%clk 0:13:01]} 35. Nc4
{[%clk 0:01:30]} Ke7 {[%clk 0:03:51]} 36. Kf1 {[%clk 0:01:42]} Kd7
{[%clk 0:02:01]} 37. Ke2 {[%clk 0:01:39]} Kc6 {[%clk 0:01:13]} 38. Kd3
{[%clk 0:01:42]} e5 {[%clk 0:00:45]} 39. Ke4
1/2-1/2

[Event "Landsturneringen 2017"]
[Site "Clarion Energy Hotel, Stavanger"]
[Date "2017.07.08"]
[Round "9"]
[White "Nilsen, Martin"]
[Black "Vestby-Ellingsen, Mads"]
[Result "1-0"]
[WhiteElo "2080"]
[BlackElo "2175"]
[PlyCount "0"]

1. e4 {[%clk 1:28:11]} c5 {[%clk 1:30:23]} 2. c3 {[%clk 1:27:51]} Nf6
{[%clk 1:30:03]} 3. e5 {[%clk 1:28:03]} Nd5 {[%clk 1:30:21]} 4. d4
{[%clk 1:23:40]} cxd4 {[%clk 1:30:39]} 5. Nf3 {[%clk 1:22:12]} e6
{[%clk 1:29:47]} 6. cxd4 {[%clk 1:12:02]} d6 {[%clk 1:29:36]} 7. Nc3
{[%clk 0:48:03]} Nxc3 {[%clk 1:27:57]} 8. bxc3 {[%clk 0:48:20]} Nc6
{[%clk 1:27:14]} 9. exd6 {[%clk 0:43:03]} Bxd6 {[%clk 1:27:02]} 10. Bd3
{[%clk 0:42:21]} Qc7 {[%clk 1:18:53]} 11. O-O {[%clk 0:40:58]} O-O
{[%clk 1:06:46]} 12. Re1 {[%clk 0:33:38]} g6 {[%clk 1:03:09]} 13. Qe2
{[%clk 0:26:22]} b6 {[%clk 0:59:37]} 14. Qe3 {[%clk 0:17:40]} Rd8
{[%clk 0:52:24]} 15. Qh6 {[%clk 0:13:23]} Bf8 {[%clk 0:52:26]} 16. Qh4
{[%clk 0:13:27]} Bg7 {[%clk 0:42:09]} 17. Bg5 {[%clk 0:10:28]} Re8
{[%clk 0:40:36]} 18. Bf6 {[%clk 0:08:00]} Bxf6 {[%clk 0:39:25]} 19. Qxf6
{[%clk 0:08:28]} Bb7 {[%clk 0:30:03]} 20. Ng5 {[%clk 0:07:57]} Qe7
{[%clk 0:22:19]} 21. Qf4 {[%clk 0:08:10]} h6 {[%clk 0:21:52]} 22. Ne4
{[%clk 0:07:52]} Kg7 {[%clk 0:20:40]} 23. Nd6 {[%clk 0:05:00]} Red8
{[%clk 0:20:49]} 24. Nxb7 {[%clk 0:05:14]} Qxb7 {[%clk 0:21:13]} 25. Re3
{[%clk 0:04:34]} Qe7 {[%clk 0:15:04]} 26. Rae1 {[%clk 0:04:34]} Qf6
{[%clk 0:10:54]} 27. Qe4 {[%clk 0:04:32]} Rac8 {[%clk 0:11:18]} 28. Rf3
{[%clk 0:04:22]} Qg5 {[%clk 0:10:41]} 29. h4 {[%clk 0:03:54]} Qd5
{[%clk 0:07:36]} 30. Qf4 {[%clk 0:03:07]} Rd7 {[%clk 0:08:00]} 31. Qf6+
{[%clk 0:02:50]} Kh7 {[%clk 0:08:29]} 32. h5 {[%clk 0:01:53]} Qxh5
{[%clk 0:06:46]} 33. Rh3 {[%clk 0:02:18]} Qa5 {[%clk 0:06:40]} 34. Rxe6
{[%clk 0:02:12]} Qa3 {[%clk 0:01:53]} 35. Bxg6+ {[%clk 0:02:16]} Kg8
{[%clk 0:02:23]} 36. Bxf7+ {[%clk 0:01:28]} Rxf7 {[%clk 0:01:25]} 37. Rg3+
{[%clk 0:01:24]} Kf8 {[%clk 0:00:37]} 38. Qh8# {[%clk 0:01:40]}
1-0

[Event "Landsturneringen 2017"]
[Site "Clarion Energy Hotel, Stavanger"]
[Date "2017.07.08"]
[Round "9"]
[White "Næss, Sara"]
[Black "Løbersli, Henrik Øie"]
[Result "1/2-1/2"]
[WhiteElo "1786"]
[BlackElo "2084"]
[PlyCount "72"]
[EventDate "2017.??.??"]

1. e4 e5 2. Nf3 Nc6 3. Bb5 f5 4. Bxc6 dxc6 5. Nxe5 Qf6 6. d4 fxe4 7. O-O Bd6 8.
Re1 Bf5 9. f4 O-O-O 10. Qh5 g6 11. Qg5 Qxg5 12. fxg5 Bxe5 13. dxe5 Re8 14. Bf4
Ne7 15. c4 c5 16. Nc3 Nc6 17. Nxe4 Bxe4 18. Rxe4 Re6 19. a3 Rhe8 20. Rf1 Rf8
21. g4 b6 22. Kg2 Kd7 23. Rf3 Ke7 24. Bg3 Rxf3 25. Kxf3 a5 26. Re3 Nd8 27. Ke4
Kd7 28. Rf3 Re7 29. Rf6 Ne6 30. h4 c6 31. Be1 Rg7 32. Bc3 Ke7 33. Rf3 Rf7 34.
Rf6 Rg7 35. Rf3 Rf7 36. Rf6 Rg7
1/2-1/2

[Event "Landsturneringen 2017"]
[Site "Clarion Energy Hotel, Stavanger"]
[Date "2017.07.08"]
[Round "9"]
[White "Lund, Gunnar"]
[Black "Kjærås, Alf Marius"]
[Result "1/2-1/2"]
[WhiteElo "2051"]
[BlackElo "1713"]
[PlyCount "0"]

1. e4 {[%clk 1:30:31]} c5 {[%clk 1:30:37]} 2. Nf3 {[%clk 1:30:54]} d6
{[%clk 1:31:02]} 3. Bb5+ {[%clk 1:31:18]} Bd7 {[%clk 1:31:12]} 4. Bxd7+
{[%clk 1:31:41]} Qxd7 {[%clk 1:31:37]} 5. c4 {[%clk 1:31:58]} Nf6
{[%clk 1:31:38]} 6. Nc3 {[%clk 1:32:15]} Nc6 {[%clk 1:31:41]} 7. d4
{[%clk 1:31:47]} cxd4 {[%clk 1:31:38]} 8. Nxd4 {[%clk 1:32:08]} e6
{[%clk 1:30:34]} 9. O-O {[%clk 1:32:09]} Be7 {[%clk 1:30:23]} 10. Be3
{[%clk 1:31:56]} Rc8 {[%clk 1:28:38]} 11. b3 {[%clk 1:30:34]} O-O
{[%clk 1:28:23]} 12. Qe2 {[%clk 1:30:26]} d5 {[%clk 1:18:27]} 13. Rfd1
{[%clk 1:23:58]} Bb4 {[%clk 1:10:31]} 14. exd5 {[%clk 1:19:31]} exd5
{[%clk 1:09:26]} 15. Ndb5 {[%clk 1:17:36]} a6 {[%clk 1:00:45]} 16. Nxd5
{[%clk 1:14:30]} Nxd5 {[%clk 0:59:53]} 17. cxd5 {[%clk 1:12:51]} Ne7
{[%clk 0:50:50]} 18. d6 {[%clk 1:07:56]} Nf5 {[%clk 0:44:11]} 19. Nd4
{[%clk 1:06:45]} Nxe3 {[%clk 0:35:41]} 20. Qxe3 {[%clk 1:06:46]} Bxd6
{[%clk 0:35:56]} 21. Nf3 {[%clk 1:04:51]} Qe7 {[%clk 0:34:06]} 22. Qxe7
{[%clk 1:04:18]} Bxe7 {[%clk 0:34:31]} 23. Rd7 {[%clk 1:02:53]} Bf6
{[%clk 0:34:53]} 24. Rad1 {[%clk 1:03:18]} Rfd8 {[%clk 0:35:05]} 25. g4
{[%clk 1:02:41]} Kf8 {[%clk 0:27:18]} 26. Kg2 {[%clk 0:54:56]} Ke8
{[%clk 0:26:13]} 27. Rxd8+ {[%clk 0:55:13]} Rxd8 {[%clk 0:25:35]} 28. Re1+
{[%clk 0:54:44]} Kd7 {[%clk 0:21:57]} 29. Re2 {[%clk 0:54:07]} g6
{[%clk 0:19:35]} 30. Nd2 {[%clk 0:54:03]} Rc8 {[%clk 0:18:25]} 31. Nc4
{[%clk 0:54:00]} Rc6 {[%clk 0:16:36]} 32. f4 {[%clk 0:52:10]} b5 {[%clk 0:15:36]}
33. Ne3 {[%clk 0:52:13]} Re6 {[%clk 0:14:25]} 34. Rd2+ {[%clk 0:51:42]} Rd6
{[%clk 0:12:38]} 35. Nd5 {[%clk 0:49:36]} Bd8 {[%clk 0:11:35]} 36. f5
{[%clk 0:48:06]} h5 {[%clk 0:03:54]} 37. h3 {[%clk 0:48:15]} hxg4
{[%clk 0:04:04]} 38. hxg4 {[%clk 0:48:44]} gxf5 {[%clk 0:04:15]} 39. gxf5
{[%clk 0:49:12]} Ba5 {[%clk 0:02:27]} 40. Rd3 {[%clk 0:49:11]} Kc6
{[%clk 0:01:54]} 41. Ne7+ {[%clk 0:46:34]} Kd7 {[%clk 0:01:03]} 42. Nd5
{[%clk 0:46:39]} Kc6 {[%clk 0:01:27]} 43. Ne7+ {[%clk 0:45:27]} Kd7
{[%clk 0:01:50]} 44. Nd5 {[%clk 0:44:11]} Kc6 {[%clk 0:01:19]}
1/2-1/2

[Event "Landsturneringen 2017"]
[Site "Clarion Energy Hotel, Stavanger"]
[Date "2017.07.08"]
[Round "9"]
[White "Machlik, Monika"]
[Black "Rødsmoen, Maud"]
[Result "1/2-1/2"]
[WhiteElo "2049"]
[BlackElo "1968"]
[PlyCount "0"]

1. d4 {[%clk 1:30:58]} d5 {[%clk 1:29:05]} 2. c4 {[%clk 1:31:10]} c6
{[%clk 1:29:28]} 3. Nf3 {[%clk 1:31:03]} Nf6 {[%clk 1:29:52]} 4. e3
{[%clk 1:31:07]} Bf5 {[%clk 1:28:27]} 5. Nc3 {[%clk 1:30:09]} e6 {[%clk 1:27:24]}
6. Bd3 {[%clk 1:30:10]} Bxd3 {[%clk 1:15:50]} 7. Qxd3 {[%clk 1:30:28]} Bd6
{[%clk 1:14:14]} 8. O-O {[%clk 1:30:00]} O-O {[%clk 1:13:28]} 9. e4
{[%clk 1:29:57]} dxe4 {[%clk 1:12:53]} 10. Nxe4 {[%clk 1:30:19]} Nxe4
{[%clk 1:12:56]} 11. Qxe4 {[%clk 1:30:44]} Nd7 {[%clk 1:08:52]} 12. b3
{[%clk 1:23:22]} Qc7 {[%clk 0:59:48]} 13. Bb2 {[%clk 1:17:59]} Nf6
{[%clk 0:51:53]} 14. Qh4 {[%clk 1:10:56]} Be7 {[%clk 0:50:53]} 15. Rfe1
{[%clk 1:05:13]} Rfd8 {[%clk 0:42:40]} 16. Rad1 {[%clk 1:01:45]} c5
{[%clk 0:41:21]} 17. Qh3 {[%clk 0:30:17]} cxd4 {[%clk 0:38:34]} 18. Bxd4
{[%clk 0:29:39]} Qf4 {[%clk 0:37:48]} 19. Be5 {[%clk 0:24:34]} Qf5
{[%clk 0:30:48]} 20. Qxf5 {[%clk 0:24:13]} exf5 {[%clk 0:31:11]} 21. Nd4
{[%clk 0:20:14]} g6 {[%clk 0:29:45]} 22. Bc7 {[%clk 0:17:36]} Re8
{[%clk 0:29:02]} 23. Nb5 {[%clk 0:14:33]} Bb4 {[%clk 0:20:05]} 24. Rxe8+
{[%clk 0:13:04]} Nxe8 {[%clk 0:20:11]} 25. Be5 {[%clk 0:08:15]} a6
{[%clk 0:16:24]} 26. Nc7 {[%clk 0:07:14]} Nxc7 {[%clk 0:16:30]} 27. Bxc7
{[%clk 0:07:41]} Re8 {[%clk 0:16:10]} 28. Rd8 {[%clk 0:07:42]} Rxd8
{[%clk 0:15:39]} 29. Bxd8 {[%clk 0:08:11]} Kf8 {[%clk 0:15:50]} 30. Kf1
{[%clk 0:06:29]} Ke8 {[%clk 0:14:52]} 31. Bb6 {[%clk 0:06:51]} Kd7
{[%clk 0:14:51]} 32. Ke2 {[%clk 0:06:58]} Kd6 {[%clk 0:13:11]} 33. Kd3
{[%clk 0:06:12]} Ke5 {[%clk 0:09:39]} 34. Bc7+ {[%clk 0:06:13]} Ke6
{[%clk 0:08:58]} 35. Bf4 {[%clk 0:05:16]} Be1 {[%clk 0:03:55]} 36. f3
{[%clk 0:05:03]} Bb4 {[%clk 0:03:16]} 37. Bc1 {[%clk 0:03:29]} Bd6
{[%clk 0:02:58]} 38. h3 {[%clk 0:03:42]} Ke5 {[%clk 0:02:28]} 39. a3
{[%clk 0:02:16]} Be7 {[%clk 0:01:08]} 40. b4 {[%clk 0:01:31]} Bf8
{[%clk 0:01:02]} 41. f4+ {[%clk 0:23:48]} Kd6 {[%clk 0:27:36]} 42. Bb2
{[%clk 0:22:53]} Kc6 {[%clk 0:24:37]} 43. Be5 {[%clk 0:14:28]} Be7
{[%clk 0:24:44]} 44. Kc3 {[%clk 0:13:10]} Bh4 {[%clk 0:22:02]} 45. Bd4
{[%clk 0:09:58]} Bg3 {[%clk 0:19:45]} 46. Be3 {[%clk 0:10:17]} Bh4
{[%clk 0:18:25]} 47. a4 {[%clk 0:07:59]} Be1+ {[%clk 0:16:22]} 48. Kb3
{[%clk 0:06:33]} f6 {[%clk 0:10:11]} 49. b5+ {[%clk 0:05:53]} axb5
{[%clk 0:10:34]} 50. axb5+ {[%clk 0:06:11]} Kd6 {[%clk 0:10:17]} 51. Kc2
{[%clk 0:03:44]} h6 {[%clk 0:04:06]} 52. Kd3 {[%clk 0:04:11]} g5 {[%clk 0:03:06]}
53. Kd4 {[%clk 0:02:53]} Bb4 {[%clk 0:03:21]} 54. Bc1 {[%clk 0:02:28]} Bc5+
{[%clk 0:03:11]} 55. Kd3 {[%clk 0:02:54]} Bf2 {[%clk 0:01:35]} 56. Ba3+
{[%clk 0:02:47]} Ke6 {[%clk 0:01:42]} 57. Bc1 {[%clk 0:01:52]} Kd6
{[%clk 0:02:08]} 58. Be3 {[%clk 0:01:20]} Be1 {[%clk 0:01:55]} 59. Bd2
{[%clk 0:00:47]} Bf2 {[%clk 0:02:13]} 60. Bb4+ {[%clk 0:00:42]} Ke6
{[%clk 0:02:16]} 61. Bd2 {[%clk 0:00:44]} Kd6 {[%clk 0:01:56]} 62. Be3
{[%clk 0:00:47]} Be1 {[%clk 0:01:53]} 63. Ba7 {[%clk 0:00:49]} Bg3
{[%clk 0:01:01]} 64. c5+ {[%clk 0:00:40]} Kc7 {[%clk 0:01:18]} 65. Bb6+
{[%clk 0:00:45]} Kd7 {[%clk 0:01:35]} 66. Kc4 {[%clk 0:01:03]} Bxf4
{[%clk 0:01:07]} 67. Kd5 {[%clk 0:01:28]} Be5 {[%clk 0:00:53]} 68. c6+
{[%clk 0:01:22]} bxc6+ {[%clk 0:01:02]} 69. bxc6+ {[%clk 0:01:51]} Kc8
{[%clk 0:01:08]} 70. Ke6 {[%clk 0:01:59]} f4 {[%clk 0:00:58]} 71. Kf5
{[%clk 0:01:30]} h5 {[%clk 0:00:57]} 72. Kg6 {[%clk 0:00:46]} g4 {[%clk 0:00:51]}
73. Kxh5 {[%clk 0:00:45]} gxh3 {[%clk 0:00:46]} 74. gxh3 {[%clk 0:01:10]} f3
{[%clk 0:00:59]} 75. Kg4 {[%clk 0:01:21]} f2 {[%clk 0:00:50]} 76. Bxf2
{[%clk 0:01:48]} Kc7 {[%clk 0:00:52]} 77. Kf5 {[%clk 0:01:04]} Kxc6
{[%clk 0:00:42]} 78. Ke6 {[%clk 0:00:48]} Bc3 {[%clk 0:00:39]} 79. h4
{[%clk 0:01:02]} Bd2 {[%clk 0:00:47]} 80. h5 {[%clk 0:00:49]} Kc7
{[%clk 0:00:39]} 81. Kxf6 {[%clk 0:00:36]} Kd8 {[%clk 0:00:43]} 82. Kf7
{[%clk 0:00:53]} Kd7 {[%clk 0:00:49]} 83. Bd4 {[%clk 0:01:11]} Kd6
{[%clk 0:00:37]} 84. Bf6 {[%clk 0:01:14]} Be3 {[%clk 0:00:43]} 85. Bb2
{[%clk 0:00:40]} Bd2 {[%clk 0:00:51]} 86. Bf6 {[%clk 0:00:52]} Be3
{[%clk 0:01:18]} 87. Kg6 {[%clk 0:00:44]} Ke6 {[%clk 0:01:23]} 88. Bg5
{[%clk 0:00:50]} Bxg5 {[%clk 0:01:27]} 89. Kxg5 {[%clk 0:01:17]} Kf7
{[%clk 0:01:53]} 90. Kh6 {[%clk 0:01:29]} Kg8 {[%clk 0:02:19]} 91. Kg6
{[%clk 0:01:56]} Kh8 {[%clk 0:02:45]} 92. h6 {[%clk 0:02:24]} Kg8
{[%clk 0:03:12]} 93. h7+ {[%clk 0:02:52]} Kh8 {[%clk 0:03:39]} 94. Kh6
1/2-1/2

[Event "Landsturneringen 2017"]
[Site "Clarion Energy Hotel, Stavanger"]
[Date "2017.07.08"]
[Round "9"]
[White "Kyrkjebø, Hanna B"]
[Black "Saltvedt, Martin"]
[Result "1-0"]
[WhiteElo "1923"]
[BlackElo "2046"]
[PlyCount "0"]

1. e4 {[%clk 1:29:31]} c5 {[%clk 1:30:49]} 2. Nf3 {[%clk 1:29:12]} Nc6
{[%clk 1:31:12]} 3. Bb5 {[%clk 1:29:15]} d6 {[%clk 1:31:37]} 4. Bxc6+
{[%clk 1:28:31]} bxc6 {[%clk 1:32:06]} 5. O-O {[%clk 1:26:22]} Bg4
{[%clk 1:32:29]} 6. h3 {[%clk 1:25:05]} Bh5 {[%clk 1:32:48]} 7. Re1
{[%clk 1:19:35]} Nf6 {[%clk 1:30:41]} 8. d3 {[%clk 1:15:29]} e6 {[%clk 1:29:47]}
9. Nbd2 {[%clk 1:10:52]} Be7 {[%clk 1:29:30]} 10. e5 {[%clk 1:06:39]} dxe5
{[%clk 1:28:25]} 11. Rxe5 {[%clk 1:05:17]} Qc7 {[%clk 1:28:45]} 12. Nc4
{[%clk 1:03:42]} O-O {[%clk 1:26:00]} 13. Re1 {[%clk 0:58:55]} Rfd8
{[%clk 1:25:07]} 14. Qe2 {[%clk 0:56:58]} Rd7 {[%clk 1:23:00]} 15. Bg5
{[%clk 0:49:29]} Rb8 {[%clk 1:17:17]} 16. Bh4 {[%clk 0:48:42]} Rb7
{[%clk 1:14:44]} 17. Bg3 {[%clk 0:47:07]} Qc8 {[%clk 1:13:41]} 18. Bh2
{[%clk 0:44:00]} Ne8 {[%clk 1:11:50]} 19. g4 {[%clk 0:42:10]} Bg6
{[%clk 1:11:51]} 20. Nfe5 {[%clk 0:40:35]} Rd8 {[%clk 1:10:34]} 21. Na5
{[%clk 0:34:28]} Rb6 {[%clk 1:10:16]} 22. Qf3 {[%clk 0:33:28]} Rd5
{[%clk 0:47:44]} 23. c4 {[%clk 0:28:09]} Rd7 {[%clk 0:28:59]} 24. Nxd7
{[%clk 0:25:49]} Qxd7 {[%clk 0:29:26]} 25. Rad1 {[%clk 0:24:04]} Rxb2
{[%clk 0:29:06]} 26. Qxc6 {[%clk 0:17:01]} Qxc6 {[%clk 0:28:16]} 27. Nxc6
{[%clk 0:17:11]} Bh4 {[%clk 0:28:05]} 28. Bg3 {[%clk 0:11:31]} Bxg3
{[%clk 0:28:21]} 29. fxg3 {[%clk 0:11:51]} Rxa2 {[%clk 0:28:49]} 30. Ra1
{[%clk 0:10:05]} Rxa1 {[%clk 0:26:18]} 31. Ne7+ {[%clk 0:09:20]} Kf8
{[%clk 0:26:34]} 32. Nxg6+ {[%clk 0:09:41]} hxg6 {[%clk 0:27:00]} 33. Rxa1
{[%clk 0:10:05]} Nf6 {[%clk 0:25:17]} 34. Rxa7 {[%clk 0:10:14]} Ke8
{[%clk 0:25:36]} 35. Kf2 {[%clk 0:07:59]} Nd7 {[%clk 0:25:06]} 36. Ke3
{[%clk 0:06:08]} Ke7 {[%clk 0:24:33]} 37. Rc7 {[%clk 0:03:41]} g5
{[%clk 0:22:55]} 38. Rc8 {[%clk 0:01:07]} f5 {[%clk 0:20:49]} 39. gxf5
{[%clk 0:00:54]} exf5 {[%clk 0:21:17]} 40. Rc6 {[%clk 0:00:47]} Kf7
{[%clk 0:19:27]} 41. Ra6 {[%clk 0:24:06]} Ke7 {[%clk 0:47:02]} 42. Rg6
{[%clk 0:20:40]} Nf8 {[%clk 0:46:05]} 43. Rxg7+ {[%clk 0:19:41]} Kf6
{[%clk 0:46:34]} 44. Rc7 {[%clk 0:18:19]} Ne6 {[%clk 0:46:55]} 45. Rc6
{[%clk 0:16:01]} Ke5 {[%clk 0:47:12]} 46. Rxc5+ {[%clk 0:09:30]} Nxc5
{[%clk 0:47:39]} 47. d4+ {[%clk 0:09:51]} Kd6 {[%clk 0:47:54]} 48. dxc5+
{[%clk 0:10:07]} Kxc5 {[%clk 0:48:23]} 49. h4 {[%clk 0:10:00]} f4+
{[%clk 0:47:14]} 50. Kf3 {[%clk 0:10:05]} fxg3 {[%clk 0:46:02]} 51. h5
{[%clk 0:09:57]} g4+ {[%clk 0:46:23]} 52. Kxg3 {[%clk 0:09:56]}
1-0